| 000 | 01696nam a2200421Ii 4500 | ||
|---|---|---|---|
| 001 | DIGBOSCH0341 | ||
| 003 | NyNyDIG | ||
| 006 | m o d | ||
| 007 | cr ||||||||||| | ||
| 008 | 230906s2022 sp ob 000 0 por d | ||
| 035 | _a(OCoLC)1396171574 | ||
| 040 |
_aDGITA _beng _erda _epn _cDGITA |
||
| 020 |
_a9788419045973 _qdigital |
||
| 020 |
_z9788419045966 _qpapel |
||
| 043 | _ae-sp--- | ||
| 050 | 1 | 4 | _aKKT1644 ebook |
| 100 | 1 |
_aPrats Jané, Sergio, _eauthor. |
|
| 245 | 1 | 3 |
_aLa cooperación jurídica internacional en el ámbito civil y mercantil en España : _bnotificaciones, obtención y práctica de pruebas / _cSergio Prats Jané. |
| 264 | 1 |
_aBarcelona : _bJ.M. Bosch Editor, _c2022. |
|
| 300 | _a1 online resource. | ||
| 336 |
_atext _btxt _2rdacontent |
||
| 337 |
_acomputer _bc _2rdamedia |
||
| 338 |
_aonline resource _bcr _2rdacarrier |
||
| 347 |
_atext file _2rdaft |
||
| 347 | _bPDF | ||
| 504 | _aIncludes bibliographical references. | ||
| 588 | 0 | _aOnline resource; title from PDF title page (Digitalia, viewed September 6, 2023) | |
| 650 | 0 |
_aJudicial assistance _zSpain. |
|
| 650 | 0 |
_aJudgments, Foreign _zSpain. |
|
| 650 | 0 |
_aCivil law _xInternational cooperation. |
|
| 650 | 0 |
_aCommercial law _xInternational cooperation. |
|
| 791 | 2 |
_aDigitalia (Firm), _edistributor. |
|
| 793 | 0 |
_gDigitalia eBook Collection: _aBosch Editor |
|
| 776 | 0 | 8 |
_iPrint version: _aPrats Jané, Sergio. _tCooperación jurídica internacional en el ámbito civil y mercantil en España. _dBarcelona : J.M. Bosch Editor, 2022 _z9788419045966 |
| 856 | 4 | 0 |
_3Digitalia Hispánica _uhttps://www.digitaliapublishing.com/a/127344/ |
| 910 | _aPremium collection: 2023 | ||
| 942 | _cRAA | ||
| 999 |
_c278557 _d278557 |
||